| 000 | 00815nam a2200265 a 4500 | ||
|---|---|---|---|
| 001 | 67110 | ||
| 003 | BD-RjUL | ||
| 005 | 20211209081621.0 | ||
| 008 | 170322s19651957cli j 001 0 eng | ||
| 035 | _a(BD-RjUL)67241 | ||
| 040 |
_aDLC _cDNLM _dFMU _dOCoLC _dDLC _dBD-RjUL _beng |
||
| 041 | _aeng | ||
| 060 | 0 | 0 |
_aQT 210 _bK48h 1965 |
| 082 |
_a613 _223 _bKIH 1965 |
||
| 100 | 1 |
_aKilander, Holger Frederick, _d1900-1968. _9198797 |
|
| 245 | 1 | 0 |
_aHealth for modern living / _c Holger Frederick Kilander |
| 250 | _a2d ed. | ||
| 260 |
_aEnglewood Cliffs, N.J., _bPrentice-Hall _cc1965 |
||
| 300 |
_axv, 400 p. : _bill. ; _c19 cm. |
||
| 520 | _aFor students in their first or second year in college. | ||
| 650 | 0 |
_aHygiene. _9198798 |
|
| 650 | 0 |
_aPublic health. _9198799 |
|
| 942 |
_2ddc _cBK |
||
| 999 |
_c67110 _d67110 |
||